| 000 | 00673nam a2200205 a 4500 | ||
|---|---|---|---|
| 005 | 20220524063614.0 | ||
| 008 | 991125s1965 mx 000 0 spa u | ||
| 035 | _aUPN01000013170 | ||
| 049 | _aLT | ||
| 050 | 4 |
_aLB1645 M6.2 _bP7.2 1965 |
|
| 100 | 1 |
_aPreciado Cisneros, Miguel _929878 |
|
| 245 | 1 | 0 |
_aCurso de matemáticas / _cMiguel Preciado Cisneros y Carlos Toral Gutiérrez |
| 260 |
_aMéxico : _bProgreso, _c1965 |
||
| 300 | _a248 p. | ||
| 500 | _a"De acuerdo con los progrmas oficiales, libro segundo" | ||
| 650 | 4 |
_aMatemáticas _xEstudio y enseñanza (Secundaria) _94860 |
|
| 700 | 2 |
_aToral Gutiérrez, Carlos, _ecoaut. |
|
| 904 |
_aAC _b013171 |
||
| 905 | _aLibro | ||
| 999 |
_c13170 _d13170 |
||